000 00828nam a22002537a 4500
005 20170124105909.0
010 _aB-089299
020 _a9715610064
_c00
035 _aB-089299
037 _bCen Lib/Ret
040 _aDPL
_bEN
082 _a658.4770202
100 _aCarter, W. Nick
_9117378
245 _aDisaster management :
_ba disaster manager's book /
_cby W. Nick Carter
260 _aManila
_bAsian Development Bank
_c1991
270 _aP.O. Box 789, 0980
_bManila
300 _axvii, 373p.
_c25cm(pbk)
500 _aincludes appendix
650 _aDisaster
_vManagement
_9117379
650 _aAsian Development Bank
_9117380
650 _aआपदा
_v प्रबंधन
_9559
650 _aएशियाई विकास बैंक
_9117381
942 _2ddc
_cEN
_h658.4770202
_mCAR
999 _c122406
_d122406